| 000 | 01042nam a2200301Ia 4500 | ||
|---|---|---|---|
| 005 | 20220316235504.0 | ||
| 008 | 121119s2000 sp gr 000 p spa | ||
| 020 | _a847517647X | ||
| 041 | 1 | _aspa | |
| 100 | 1 |
_aPoe, Edgar Allan _d1809-1849 |
|
| 245 | 1 | 0 |
_aPoesía completa _cEdgar Allan Poe ; traducción de María Condor y Gustavo Falaquera |
| 250 | _aPrimera edición | ||
| 300 |
_a408 páginas _c20 cm |
||
| 490 | 0 | _aPoesía Hiperión | |
| 546 | _aTexto bilingue en inglés y español | ||
| 600 | 1 | 4 |
_aPoe, Edgar Allan _d1809-1849 _xCritica e interpretación _938033 |
| 650 | 1 | 4 |
_aLiteratura estadounidense _ySiglo XIX _2LEMB |
| 650 | 1 | 4 |
_aPoesía estadounidense _ySiglo XIX _2LEMB |
| 700 | 1 |
_aCondor, María _etraductor _938035 |
|
| 700 | 1 |
_a Falaquera, Gustavo _etraductor _938036 |
|
| 942 |
_2loc _cBKLIT |
||
| 264 |
_aMadrid _bHiperión _c2000 |
||
| 336 |
_atexto _btxt _2rdacontent |
||
| 337 |
_asin mediación _bn _2rdamedia |
||
| 338 |
_avolumen _bnc _2rdacarrier |
||
| 040 |
_aCO-BoRNBP _bspa _erda _cCO-BoRNBP |
||
| 084 | _aP POE4 | ||
| 999 |
_c1112 _d1112 |
||